Văn hóa dân gian Tày - Nùng ở Việt Nam
Nội dung sách bao gồm 6 chương: Chương 1. Khái quát về tộc người Tày, Nùng ở Việt Nam; Chương 2: Văn học dân gian; Chương 3: Nghệ thuật tạo hình dân gian; Chương 4. Nghệ thuật biểu diễn dân gian; Chương 5. Tri thức dân giân; Chương 6. Tín ng...
Gardado en:
| Autor Principal: | |
|---|---|
| Formato: | Libro |
| Idioma: | Undetermined |
| Publicado: |
Hà Nội
Đại học Quốc gia Hà Nội
2010
|
| Những chủ đề: | |
| Các nhãn: |
Engadir etiqueta
Sen Etiquetas, Sexa o primeiro en etiquetar este rexistro!
|
| Thư viện lưu trữ: | Trung tâm Học liệu Trường Đại học Cần Thơ |
|---|
| LEADER | 01045nam a2200205Ia 4500 | ||
|---|---|---|---|
| 001 | CTU_164086 | ||
| 008 | 210402s9999 xx 000 0 und d | ||
| 082 | |a 398.09597 | ||
| 082 | |b V115 | ||
| 100 | |a Hà, Đình Thành | ||
| 245 | 0 | |a Văn hóa dân gian Tày - Nùng ở Việt Nam | |
| 245 | 0 | |c Hà Đình Thành ( chủ biên ) | |
| 260 | |a Hà Nội | ||
| 260 | |b Đại học Quốc gia Hà Nội | ||
| 260 | |c 2010 | ||
| 520 | |a Nội dung sách bao gồm 6 chương: Chương 1. Khái quát về tộc người Tày, Nùng ở Việt Nam; Chương 2: Văn học dân gian; Chương 3: Nghệ thuật tạo hình dân gian; Chương 4. Nghệ thuật biểu diễn dân gian; Chương 5. Tri thức dân giân; Chương 6. Tín ngưỡng tôn giáo và lễ hội dân gian. | ||
| 650 | |a Folklore,Văn hóa dân gian Việt Nam | ||
| 650 | |z Vietnam | ||
| 904 | |i HPTVi,Qhieu | ||
| 980 | |a Trung tâm Học liệu Trường Đại học Cần Thơ | ||